Normal view
MARC view
- Agricultural economics
Entry Topical Term
001 - CONTROL NUMBER
- control field: 7672
003 - CONTROL NUMBER IDENTIFIER
- control field: OSt
005 - DATE AND TIME OF LATEST TRANSACTION
- control field: 20250802153012.0
008 - FIXED-LENGTH DATA ELEMENTS
- fixed length control field: 250802|| aca||aabn | a|a d
040 ## - CATALOGING SOURCE
- Original cataloging agency: OSt
- Transcribing agency: OSt
150 ## - HEADING--TOPICAL TERM
- Topical term or geographic name as entry element: Agricultural economics
670 ## - SOURCE DATA FOUND
- Source citation: Work cat.: (OSt)9: Kalman, Robert E . 5861, Computer applications in food production and agricultural engineering , 1982.
